[Event "Le Mans op"]
[Site "Le Mans "]
[Date "2001.12.27"]
[Round "3"]
[White "Richet, Fabien"]
[Black "Pialot, Florent"]
[Result "1-0"]
[WhiteElo "1890"]
[BlackElo "1590"]
[PlyCount "59"]
[EventDate "2001.12.26"]
[EventType "swiss"]
[EventRounds "9"]
[EventCountry "FRA"]
[SourceTitle "EXT 2008"]
[Source "ChessBase"]
[SourceDate "2007.11.25"]
[SourceVersion "1"]
[SourceVersionDate "2007.11.25"]
[SourceQuality "1"]

1. e4 c5 2. Nf3 d6 3. d4 cxd4 4. Nxd4 Nf6 5. Nc3 g6 6. Be3 Bg7 7. f3 0-0 8. Qd2 Nc6 9. Bc4 Bd7 10. 0-0-0 Qa5 11. h4 Rfc8 12. Bb3 Ne5 13. Kb1 Nc4 14. Bxc4 Rxc4 15. Nb3 Qc7 16. Bh6 Bh8 17. h5 Nxh5 18. Nd5 Qd8 19. Rxh5 e6 20. Ne3 Qf6 21. Nxc4 b5 22. e5 dxe5 23. Rhh1 bxc4 24. Nc5 Bc6 25. Ne4 Bxe4 26. fxe4 Qe7 27. Qd7 Qf6 28. Qc7 Rf8 29. Bxf8 Kxf8 30. Rhf1 1-0